| 000 | 01700nam a22002537a 4500 | ||
|---|---|---|---|
| 005 | 20120119112242.0 | ||
| 010 | _aB-445429-433 | ||
| 020 |
_a9788178243429 _c395.00 |
||
| 035 | _aB-445429-433 | ||
| 037 |
_adpl _bAllied Pub/Ven |
||
| 082 | _a861.08 | ||
| 100 |
_aKosambi, Meera _941000 |
||
| 245 |
_aFeminist vision or 'Treason Against Men'? : _bKashibai kanitkar and the Engendering of Marathi Literature / _ctranslated and edited by Meera Kosambi |
||
| 260 |
_aRanikhet _bPermanent Black _c2011 |
||
| 270 |
_aHimalayana, Mall Road, Ranikhet Cantt, _bRanikhet _e263645 |
||
| 300 |
_a339p. _bill. _c22cm.(pbk) |
||
| 942 |
_2ddc _cEN _mFEM _h861.08 |
||
| 999 |
_c61201 _d61201 |
||